| 000 | 00626cam a22002294a 4500 | ||
|---|---|---|---|
| 003 | OSt | ||
| 005 | 20260409151833.0 | ||
| 008 | 020612s2003 mau b 001 0 eng | ||
| 020 | _a9780631208624 | ||
| 040 |
_cHDL _bENG |
||
| 082 | 0 | 0 | _a294.5 P3 |
| 100 | 1 |
_aSmith, David _q(David James), _d1944- _91234550 |
|
| 245 | 1 | 0 |
_aHinduism and modernity / _cDavid Smith. |
| 260 |
_aMalden, MA : _bBlackwell Pub., _c2003. |
||
| 300 | _axi, 250 p. | ||
| 440 | 0 |
_aReligion in the modern world _91234551 |
|
| 630 |
_lHistory _91234552 |
||
| 650 | 0 | _aHinduism. | |
| 651 | 0 | _aIndia | |
| 942 |
_2CC _cTEXL _n0 |
||
| 999 |
_c1848180 _d1848180 |
||